[Event "Moscow op-B (Women) 13th"]
[Site "Moscow"]
[Date "2017.02.03"]
[Round "7"]
[White "Smirnova, Anastasia"]
[Black "Zhemchuzhina, Elizaveta"]
[Result "1-0"]
[WhiteElo "2111"]
[BlackElo "1909"]
[PlyCount "85"]
[EventDate "2017.01.28"]
[EventType "swiss"]
[EventRounds "9"]
[EventCountry "RUS"]
[SourceTitle "EXT 2018"]
[Source "ChessBase"]
[SourceDate "2017.10.13"]
[SourceVersion "1"]
[SourceVersionDate "2017.10.13"]
[SourceQuality "1"]

1. d4 Nf6 2. c4 e6 3. Nc3 Bb4 4. e3 0-0 5. Bd3 b6 6. Nf3 Bb7 7. a3 Bxc3+ 8. bxc3 Ne4 9. Qc2 f5 10. 0-0 c5 11. Nd2 Qh4 12. d5 exd5 13. f3 Nxd2 14. Bxd2 dxc4 15. Bxf5 d5 16. e4 Qf6 17. Rae1 Nc6 18. Bh3 dxe4 19. Qxe4 Na5 20. Be6+ Kh8 21. Qg4 Bc8 22. Bxc8 Raxc8 23. Re6 Qf5 24. Qxf5 Rxf5 25. Rfe1 Kg8 26. R1e4 Rd5 27. Bf4 Rd7 28. Kf2 Kf7 29. g4 Nc6 30. h4 Rd3 31. h5 g6 32. hxg6+ hxg6 33. g5 Rxc3 34. Rf6+ Kg7 35. Ree6 Rxf3+ 36. Kxf3 Nd4+ 37. Ke4 Nxe6 38. Rxe6 Kf7 39. Rf6+ Ke7 40. Bg3 Kd7 41. Kd5 c3 42. Rf1 Ke8 43. Ke6 1-0

[Event "Moscow op-B (Women) 13th"]
[Site "Moscow"]
[Date "2017.02.02"]
[Round "6"]
[White "Zhemchuzhina, Elizaveta"]
[Black "Beshukova, Alina"]
[Result "1-0"]
[WhiteElo "1909"]
[BlackElo "1743"]
[PlyCount "113"]
[EventDate "2017.01.28"]
[EventType "swiss"]
[EventRounds "9"]
[EventCountry "RUS"]
[SourceTitle "EXT 2018"]
[Source "ChessBase"]
[SourceDate "2017.10.13"]
[SourceVersion "1"]
[SourceVersionDate "2017.10.13"]
[SourceQuality "1"]

1. d4 Nf6 2. c4 g6 3. Nc3 Bg7 4. e4 d6 5. Nf3 0-0 6. Be2 e5 7. 0-0 exd4 8. Nxd4 Re8 9. f3 Nc6 10. Be3 Nd7 11. Qd2 Nc5 12. Rad1 Bd7 13. Nd5 Ne6 14. Nxe6 Bxe6 15. Bg5 f6 16. Bh4 Rf8 17. f4 Qd7 18. f5 gxf5 19. exf5 Bxd5 20. Qxd5+ Qf7 21. Qxf7+ Rxf7 22. c5 Rd7 23. Bc4+ Kh8 24. Bg3 Bf8 25. Rf3 d5 26. Rxd5 Rxd5 27. Bxd5 Bxc5+ 28. Kf1 Ne7 29. Bxb7 Rb8 30. Rb3 Bb6 31. Be4 Rd8 32. Bf2 Rd2 33. Bxb6 cxb6 34. Ke1 Rd4 35. Re3 Kg7 36. Ke2 Kh6 37. Rh3+ Kg5 38. Ke3 Ra4 39. Rxh7 Nxf5+ 40. Bxf5 Kxf5 41. a3 Kg6 42. Rd7 Ra5 43. Kd4 Rb5 44. b4 Rg5 45. Rxa7 Rxg2 46. Ra6 Rxh2 47. Rxb6 Ra2 48. Ra6 Rb2 49. Kc3 Rb1 50. a4 Kg5 51. a5 f5 52. Ra8 f4 53. a6 f3 54. a7 f2 55. Rg8+ Kh4 56. a8Q f1Q 57. Qe4+ 1-0

[Event "Moscow op-B (Women) 13th"]
[Site "Moscow"]
[Date "2017.01.30"]
[Round "3"]
[White "Shevchuk, Margarita"]
[Black "Zhemchuzhina, Elizaveta"]
[Result "0-1"]
[WhiteElo "1634"]
[BlackElo "1909"]
[PlyCount "46"]
[EventDate "2017.01.28"]
[EventType "swiss"]
[EventRounds "9"]
[EventCountry "RUS"]
[SourceTitle "EXT 2018"]
[Source "ChessBase"]
[SourceDate "2017.10.13"]
[SourceVersion "1"]
[SourceVersionDate "2017.10.13"]
[SourceQuality "1"]

1. e4 c5 2. c3 e6 3. Nf3 d5 4. d4 dxe4 5. Ng5 Nf6 6. Qa4+ Bd7 7. Bb5 h6 8. Nh3 cxd4 9. Bxd7+ Nbxd7 10. Qxd4 Bc5 11. Qa4 0-0 12. Nd2 e3 13. Nf3 exf2+ 14. Nxf2 Bxf2+ 15. Kxf2 Nc5 16. Qb5 Qd5 17. Ke2 a6 18. Qb4 Qd3+ 19. Ke1 Rad8 20. Bxh6 Qf5 21. Ke2 gxh6 22. g4 Qc2+ 23. Kf1 Nfe4 0-1

[Event "Moscow op-B (Women) 13th"]
[Site "Moscow"]
[Date "2017.01.29"]
[Round "2"]
[White "Zhemchuzhina, Elizaveta"]
[Black "Tukaeva, Aida"]
[Result "1/2-1/2"]
[WhiteElo "1909"]
[BlackElo "1701"]
[PlyCount "91"]
[EventDate "2017.01.28"]
[EventType "swiss"]
[EventRounds "9"]
[EventCountry "RUS"]
[SourceTitle "EXT 2018"]
[Source "ChessBase"]
[SourceDate "2017.10.13"]
[SourceVersion "1"]
[SourceVersionDate "2017.10.13"]
[SourceQuality "1"]

1. d4 Nf6 2. c4 e6 3. Nc3 Bb4 4. e3 Bxc3+ 5. bxc3 c5 6. Bd3 d6 7. Nf3 Nc6 8. e4 e5 9. d5 Ne7 10. h3 Ng6 11. Bd2 Bd7 12. Rb1 b6 13. g3 0-0 14. g4 Qe7 15. Qc1 Rfe8 16. Ng1 Rf8 17. f3 Ne8 18. h4 f6 19. Ne2 Qf7 20. Ng3 Ne7 21. Be2 Rb8 22. f4 exf4 23. Bxf4 Ng6 24. h5 Ne5 25. Bxe5 fxe5 26. Rf1 Qe7 27. Rxf8+ Qxf8 28. g5 Nc7 29. Rb2 Qf7 30. Qe3 Rf8 31. Kd2 Qf4 32. Rb1 Bh3 33. Rh1 Bd7 34. g6 h6 35. Rf1 Qxe3+ 36. Kxe3 Rxf1 37. Bxf1 Kf8 38. Be2 Ne8 39. Nf1 Ke7 40. Nh2 Kf6 41. Kf3 Ba4 42. Ng4+ Kg5 43. Kg3 Bd7 44. Nh2 Kf6 45. Bd1 Ke7 46. Nf3 1/2-1/2

[Event "Moscow op-B (Women) 13th"]
[Site "Moscow"]
[Date "2017.01.28"]
[Round "1"]
[White "Maltsevskaya, Aleksandra"]
[Black "Zhemchuzhina, Elizaveta"]
[Result "1-0"]
[WhiteElo "2273"]
[BlackElo "1909"]
[PlyCount "61"]
[EventDate "2017.01.28"]
[EventType "swiss"]
[EventRounds "9"]
[EventCountry "RUS"]
[SourceTitle "EXT 2018"]
[Source "ChessBase"]
[SourceDate "2017.10.13"]
[SourceVersion "1"]
[SourceVersionDate "2017.10.13"]
[SourceQuality "1"]

1. e4 c5 2. Nf3 e6 3. d4 cxd4 4. Nxd4 Nc6 5. Nc3 Qc7 6. f4 a6 7. Nxc6 bxc6 8. Bd3 d5 9. Qe2 Nf6 10. 0-0 Be7 11. Bd2 Bb7 12. Rae1 c5 13. b3 c4 14. bxc4 dxe4 15. Nxe4 Nxe4 16. Bxe4 Bxe4 17. Qxe4 Rc8 18. f5 Qxc4 19. fxe6 f6 20. Qb7 Rc7 21. Qb8+ Rc8 22. Qg3 g6 23. Bh6 Qd4+ 24. Kh1 Bd6 25. Qh3 Rc3 26. Be3 Qe5 27. Qh4 Rxe3 28. Rxe3 Qxe3 29. Qa4+ Kf8 30. Qd7 Be7 31. Rxf6+ 1-0

[Event "Chigorin Memorial 24th"]
[Site "St Petersburg"]
[Date "2016.10.21"]
[Round "7"]
[White "Yakimenko, Viktoria"]
[Black "Zhemchuzhina, Elizaveta"]
[Result "1-0"]
[WhiteElo "2160"]
[BlackElo "1825"]
[PlyCount "113"]
[EventDate "2016.10.15"]
[EventType "swiss"]
[EventRounds "9"]
[EventCountry "RUS"]
[SourceTitle "CBM 175 Extra"]
[Source "ChessBase"]
[SourceDate "2016.12.12"]
[SourceVersion "1"]
[SourceVersionDate "2016.12.12"]
[SourceQuality "1"]

1. e4 c5 2. Nf3 e6 3. d4 cxd4 4. Nxd4 Nf6 5. Nc3 Bb4 6. e5 Nd5 7. Bd2 Bxc3 8. bxc3 0-0 9. Bd3 d6 10. exd6 Qxd6 11. 0-0 e5 12. Nb5 Qc6 13. c4 Nf6 14. Bb4 Re8 15. Re1 Be6 16. Rxe5 Nbd7 17. Re1 Bxc4 18. Rxe8+ Nxe8 19. Nxa7 Qd5 20. Bxc4 Qxc4 21. Qxd7 Qxb4 22. Nc8 Nf6 23. Qd8+ Qf8 24. Ne7+ Kh8 25. Qxf8+ Rxf8 26. Rb1 Rd8 27. f3 Rd7 28. Nf5 g6 29. Ne3 Kg7 30. Kf2 Kf8 31. a3 Ke7 32. Ke2 Rc7 33. c4 Kd7 34. Rb6 Ne8 35. Kd3 Nd6 36. Kd4 Rc6 37. Rb4 b6 38. g4 h6 39. h3 Nc8 40. f4 Ne7 41. Rb5 Re6 42. Kd3 Kc6 43. Nc2 Kc7 44. Re5 Rd6+ 45. Nd4 Nc6 46. Rd5 Rxd5 47. cxd5 Ne7 48. Nb5+ Kd7 49. Kd4 f6 50. Nc3 f5 51. g5 hxg5 52. fxg5 Kd6 53. Nb5+ Kd7 54. Ke5 f4 55. Nd4 b5 56. h4 Ng8 57. d6 1-0

[Event "Chigorin Memorial 24th"]
[Site "St Petersburg"]
[Date "2016.10.16"]
[Round "2"]
[White "Zhemchuzhina, Elizaveta"]
[Black "Enkhbat, Tsendragchaa"]
[Result "1/2-1/2"]
[WhiteElo "1825"]
[BlackElo "2113"]
[PlyCount "95"]
[EventDate "2016.10.15"]
[EventType "swiss"]
[EventRounds "9"]
[EventCountry "RUS"]
[SourceTitle "CBM 175 Extra"]
[Source "ChessBase"]
[SourceDate "2016.12.12"]
[SourceVersion "1"]
[SourceVersionDate "2016.12.12"]
[SourceQuality "1"]

1. d4 d5 2. c4 e6 3. cxd5 exd5 4. Nc3 Nf6 5. Bg5 Be7 6. e3 Nbd7 7. Bd3 c6 8. Qc2 h6 9. Bh4 Nh5 10. Bxe7 Qxe7 11. Nge2 Nb6 12. 0-0 0-0 13. Rae1 Re8 14. e4 dxe4 15. Bxe4 Nf6 16. Bd3 Bg4 17. h3 Bxe2 18. Rxe2 Qd7 19. Rd2 Nbd5 20. Nxd5 Nxd5 21. Bc4 Nf4 22. Rfd1 Qe7 23. Qf5 Qc7 24. d5 cxd5 25. Bxd5 Nxd5 26. Rxd5 Rad8 27. Rxd8 Rxd8 28. Rxd8+ Qxd8 29. g3 g6 30. Qb5 Qc7 31. Qe8+ Kg7 32. Qe3 a6 33. a3 Qd6 34. Qc3+ Qf6 35. Qb4 Qf3 36. Qd4+ Kh7 37. Kh2 g5 38. Kg1 Kg6 39. Qb6+ f6 40. Qe6 h5 41. Qe8+ Kf5 42. Qd7+ Ke5 43. Qc7+ Kd4 44. Qb6+ Kd3 45. Qb3+ Ke2 46. Qc2+ Ke1 47. Qc1+ Qd1 48. Qe3+ 1/2-1/2

[Event "St Petersburg Summer op"]
[Site "St Petersburg"]
[Date "2016.08.22"]
[Round "6"]
[White "Kuznetsov, Mikhail"]
[Black "Zhemchuzhina, Elizaveta"]
[Result "1/2-1/2"]
[WhiteElo "1699"]
[BlackElo "1867"]
[PlyCount "63"]
[EventDate "2016.08.17"]
[EventType "swiss"]
[EventRounds "9"]
[EventCountry "RUS"]
[SourceTitle "CBM 174 Extra"]
[Source "ChessBase"]
[SourceDate "2016.10.10"]
[SourceVersion "1"]
[SourceVersionDate "2016.10.10"]
[SourceQuality "1"]

1. d4 Nf6 2. Bf4 e6 3. e3 b6 4. Nf3 Bb7 5. Bd3 Be7 6. h3 0-0 7. Nbd2 c5 8. c3 cxd4 9. exd4 Nd5 10. Bh2 f5 11. Qe2 a5 12. 0-0 Nc6 13. Ne5 Nxe5 14. dxe5 Bg5 15. Rad1 Nf4 16. Bxf4 Bxf4 17. Nf3 Bxf3 18. Qxf3 Bxe5 19. Rfe1 Qc7 20. Qe3 Bf4 21. Qd4 Rad8 22. Bb5 Rf7 23. Rxe6 dxe6 24. Qxd8+ Qxd8 25. Rxd8+ Rf8 26. Rd7 Rf6 27. Kf1 Kf8 28. Ke2 Rf7 29. Rd8+ Ke7 30. Rd1 Bd6 31. Bc6 Rf8 32. Bb5 1/2-1/2

[Event "Chigorin Memorial 23rd"]
[Site "St Petersburg"]
[Date "2015.10.11"]
[Round "9"]
[White "Zhemchuzhina, Elizaveta"]
[Black "Khmelev, Mikhail"]
[Result "0-1"]
[WhiteElo "1857"]
[BlackElo "1988"]
[PlyCount "102"]
[EventDate "2015.10.03"]
[EventType "swiss"]
[EventRounds "9"]
[EventCountry "RUS"]
[SourceTitle "CBM 168 Extra"]
[Source "ChessBase"]
[SourceDate "2015.10.29"]
[SourceVersion "1"]
[SourceVersionDate "2015.10.29"]
[SourceQuality "1"]

1. d4 Nf6 2. c4 c5 3. d5 b5 4. Qc2 d6 5. e4 g6 6. Nf3 Bg7 7. cxb5 0-0 8. Nc3 a6 9. a4 axb5 10. Bxb5 Ba6 11. 0-0 Bxb5 12. Nxb5 Nbd7 13. Bd2 Qb6 14. Bc3 Rfb8 15. Nd2 Ne8 16. Nc4 Qa6 17. Bxg7 Kxg7 18. f4 f6 19. e5 Nb6 20. exd6 Nxc4 21. Qxc4 Nxd6 22. Nxd6 Qxd6 23. b3 Rb4 24. Qc2 Qxd5 25. Rad1 Qb7 26. Rf3 c4 27. Qe2 cxb3 28. Rfd3 Re4 29. Qb2 Raxa4 30. Rxb3 Qa7+ 31. Kh1 Ra2 32. Qb1 Qa8 33. Rb7 Ree2 34. Rg1 Rxg2 35. Rxg2 Ra1 36. Rxe7+ Kf8 37. Re1 Rxb1 38. Rxb1 Qf3 39. Rb4 h5 40. Rb8+ Kg7 41. f5 Qxf5 42. Rb7+ Kh6 43. Rb8 g5 44. Rh8+ Kg7 45. Rb8 h4 46. Kg1 Qe5 47. Rgb2 h3 48. R2b7+ Kg6 49. Rb1 Qe3+ 50. Kf1 Qf3+ 51. Ke1 Qh1+ 0-1

[Event "Chigorin Memorial 23rd"]
[Site "St Petersburg"]
[Date "2015.10.07"]
[Round "5"]
[White "Zhemchuzhina, Elizaveta"]
[Black "Galaktionov, Artem"]
[Result "0-1"]
[WhiteElo "1857"]
[BlackElo "2174"]
[PlyCount "168"]
[EventDate "2015.10.03"]
[EventType "swiss"]
[EventRounds "9"]
[EventCountry "RUS"]
[SourceTitle "CBM 168 Extra"]
[Source "ChessBase"]
[SourceDate "2015.10.29"]
[SourceVersion "1"]
[SourceVersionDate "2015.10.29"]
[SourceQuality "1"]

1. d4 d5 2. c4 e6 3. Nc3 Be7 4. cxd5 exd5 5. Bf4 c6 6. e3 Bf5 7. g4 Be6 8. h4 h6 9. h5 Nf6 10. Be2 Qb6 11. Rb1 Nbd7 12. Nh3 Ne4 13. Bf3 Ndf6 14. g5 hxg5 15. Nxg5 Nxg5 16. Bxg5 Bf5 17. Bxf6 Bxf6 18. e4 dxe4 19. Bxe4 Bxe4 20. Nxe4 Bxd4 21. Qg4 Kf8 22. 0-0 Re8 23. Nd6 Re6 24. Nf5 Be5 25. Rfe1 g6 26. Rxe5 Rxe5 27. hxg6 fxg6 28. Nd6 Qc5 29. Qc8+ Kg7 30. Qc7+ Kf6 31. Qf7+ Kg5 32. Qg7 Qxd6 33. Qxh8 Re4 34. Qc3 Qd5 35. Qc1+ Kh5 36. Qd1+ Rg4+ 37. Kf1 Qg2+ 38. Ke2 Qe4+ 39. Kf1 g5 40. Rc1 Qg2+ 41. Ke2 Qe4+ 42. Kf1 Qh1+ 43. Ke2 Re4+ 44. Kd3+ Qxd1+ 45. Rxd1 Re7 46. Rg1 g4 47. Rg3 Rf7 48. Ke2 Kg5 49. Ra3 b6 50. Kf1 c5 51. Kg2 Rd7 52. Ra6 Kf5 53. b3 Rg7 54. Kg3 Ke5 55. Ra4 b5 56. Ra5 Rb7 57. Kxg4 Kd4 58. f4 c4 59. bxc4 bxc4 60. Ra6 Rc7 61. f5 c3 62. Rd6+ Kc4 63. Rd1 c2 64. Rh1 Kc3 65. f6 Kb2 66. Rh2 Ka3 67. f7 Rxf7 68. Rxc2 a5 69. Rc5 a4 70. Rc4 Rf2 71. Kg3 Rxa2 72. Kf3 Rd2 73. Ke3 Rd7 74. Rc8 Kb3 75. Rb8+ Ka2 76. Ra8 a3 77. Rb8 Rd1 78. Ke2 Rb1 79. Ra8 Rb6 80. Kd2 Kb2 81. Rc8 a2 82. Rc2+ Ka3 83. Rc3+ Rb3 84. Rc1 Rb1 0-1

[Event "Chigorin Memorial 23rd"]
[Site "St Petersburg"]
[Date "2015.10.05"]
[Round "3"]
[White "Zhemchuzhina, Elizaveta"]
[Black "Smorodkin, Kirill"]
[Result "1-0"]
[WhiteElo "1857"]
[BlackElo "1516"]
[PlyCount "105"]
[EventDate "2015.10.03"]
[EventType "swiss"]
[EventRounds "9"]
[EventCountry "RUS"]
[SourceTitle "CBM 168 Extra"]
[Source "ChessBase"]
[SourceDate "2015.10.29"]
[SourceVersion "1"]
[SourceVersionDate "2015.10.29"]
[SourceQuality "1"]

1. d4 Nf6 2. c4 g6 3. Nc3 Bg7 4. e4 d6 5. Nf3 0-0 6. Be2 Bg4 7. 0-0 Nfd7 8. Be3 Bxf3 9. Bxf3 Nc6 10. Qd2 e5 11. d5 Nd4 12. Bd1 Qe7 13. f4 Nb6 14. b3 a5 15. f5 f6 16. Bxd4 exd4 17. Qxd4 Nd7 18. Rf3 Rfe8 19. Qf2 Nf8 20. Bc2 c6 21. dxc6 bxc6 22. Rd1 Rad8 23. Qb6 Nd7 24. Qxc6 Ne5 25. Qd5+ Qf7 26. Qxf7+ Kxf7 27. fxg6+ hxg6 28. Rg3 Bh6 29. Nd5 Rc8 30. Rf1 Bg7 31. Re3 Rc6 32. Re2 a4 33. Rd1 Nd7 34. Nc3 axb3 35. axb3 f5 36. Nb5 Re6 37. Red2 fxe4 38. Nxd6+ Kg8 39. Bxe4 Bh6 40. Bxc6 Be3+ 41. Kf1 Rf6+ 42. Bf3 Bxd2 43. Rxd2 Ne5 44. Ne4 Rf8 45. Ke2 Kg7 46. Rd5 Re8 47. c5 g5 48. h3 g4 49. hxg4 Nc6 50. Rd7+ Kf8 51. g5 Ne5 52. Rd6 Rb8 53. Rb6 1-0

[Event "Chigorin Memorial 23rd"]
[Site "St Petersburg"]
[Date "2015.10.03"]
[Round "1"]
[White "Zhemchuzhina, Elizaveta"]
[Black "Muromtsev, Arthur"]
[Result "0-1"]
[WhiteElo "1857"]
[BlackElo "2265"]
[PlyCount "88"]
[EventDate "2015.10.03"]
[EventType "swiss"]
[EventRounds "9"]
[EventCountry "RUS"]
[SourceTitle "CBM 168 Extra"]
[Source "ChessBase"]
[SourceDate "2015.10.29"]
[SourceVersion "1"]
[SourceVersionDate "2015.10.29"]
[SourceQuality "1"]

1. d4 Nf6 2. c4 c5 3. d5 g6 4. Nc3 Bg7 5. e4 d6 6. h3 0-0 7. Nf3 e6 8. Bd3 Na6 9. 0-0 e5 10. a3 h6 11. Bd2 Nh7 12. Qc1 f5 13. exf5 gxf5 14. Bc2 Qf6 15. Ne2 f4 16. Nc3 Ng5 17. Nxg5 Qxg5 18. Ne4 Qe7 19. f3 Kh8 20. b4 Rg8 21. bxc5 Nxc5 22. Nxc5 dxc5 23. g4 fxg3 24. Kg2 Qh4 25. Rh1 Qxc4 26. Re1 Qh4 27. Rh1 Bd7 28. Be4 Rac8 29. Rb1 b6 30. Qc2 Bf6 31. Bf5 Qd4 32. Be1 Qxd5 33. Rd1 Bxf5 34. Qxf5 Qf7 35. Rd7 Qg6 36. Qe6 Rce8 37. Qc6 e4 38. f4 e3 39. Rd6 Qh5 40. Qb5 Qf5 41. Qc4 Bg7 42. Bxg3 Kh7 43. Kh2 Bd4 44. Qb5 Qc2+ 0-1

[Event "EU-ch U12 Girls 23rd"]
[Site "Budva"]
[Date "2013.10.07"]
[Round "8"]
[White "Marjanovic, Annamaria"]
[Black "Zhemchuzhina, Elizaveta"]
[Result "0-1"]
[WhiteElo "2027"]
[BlackElo "1684"]
[PlyCount "138"]
[EventDate "2013.09.29"]
[EventType "swiss"]
[EventRounds "9"]
[EventCountry "MNE"]
[SourceTitle "EXT 2014"]
[Source "ChessBase"]
[SourceDate "2013.11.20"]
[SourceVersion "1"]
[SourceVersionDate "2013.11.20"]
[SourceQuality "1"]

1. e4 c5 2. Nf3 e6 3. d4 cxd4 4. Nxd4 a6 5. Nc3 Qc7 6. Bd3 Nf6 7. 0-0 Be7 8. Kh1 0-0 9. f4 d6 10. a4 Nc6 11. Be3 Bd7 12. Qf3 Na5 13. Qe2 Rac8 14. h3 Nc4 15. Bc1 Qb6 16. Bxc4 Qxd4 17. Bb3 Bc6 18. Re1 Nd7 19. Be3 Qf6 20. Bc4 Nc5 21. Bd2 Nd7 22. Bd3 Nc5 23. Rf1 Nxd3 24. cxd3 Qd4 25. Be3 Qb4 26. d4 Bd7 27. Ra3 Qc4 28. Qxc4 Rxc4 29. Raa1 Rb4 30. Rf2 Rc8 31. Kg1 a5 32. Re2 Rcc4 33. Rd1 Rb3 34. Ra1 Bd8 35. Kf2 Bb6 36. Rd2 Kf8 37. Ke2 e5 38. fxe5 dxe5 39. dxe5 Bxe3 40. Kxe3 Rxa4 41. Rf1 Bc6 42. Kf4 Rab4 43. Rff2 Ke7 44. Rfe2 h6 45. h4 Rc4 46. h5 Rbb4 47. Rd3 Rd4 48. Rg3 Kf8 49. Rge3 Rb3 50. Rf3 b5 51. Nb1 Rxf3+ 52. gxf3 Rd1 53. Na3 b4 54. Nc2 Rh1 55. Nd4 Bd7 56. Nb3 a4 57. Nc5 Bb5 58. Rd2 Rc1 59. Nb7 Bc6 60. Rd8+ Ke7 61. Rc8 Kd7 62. Nd6 Rc2 63. Rf8 f6 64. exf6 gxf6 65. Rxf6 Rxb2 66. Nc4 Rc2 67. Ne5+ Ke7 68. Rf7+ Ke6 69. Ke3 a3 0-1

[Event "EU-ch U12 Girls 23rd"]
[Site "Budva"]
[Date "2013.10.01"]
[Round "3"]
[White "Badelka, Olga"]
[Black "Zhemchuzhina, Elizaveta"]
[Result "1-0"]
[WhiteElo "1895"]
[BlackElo "1684"]
[PlyCount "59"]
[EventDate "2013.09.29"]
[EventType "swiss"]
[EventRounds "9"]
[EventCountry "MNE"]
[SourceTitle "EXT 2014"]
[Source "ChessBase"]
[SourceDate "2013.11.20"]
[SourceVersion "1"]
[SourceVersionDate "2013.11.20"]
[SourceQuality "1"]

1. d4 d5 2. c4 e6 3. Nc3 c5 4. cxd5 exd5 5. Nf3 Nc6 6. g3 Nf6 7. Bg2 Be7 8. 0-0 0-0 9. Bg5 c4 10. Ne5 Be6 11. Nxc6 bxc6 12. b3 Qa5 13. Na4 Rac8 14. e3 Rfd8 15. Bxf6 Bxf6 16. Nc5 Qb5 17. Nxe6 fxe6 18. Bh3 Re8 19. bxc4 Qxc4 20. Qb3 Qa6 21. Rab1 c5 22. dxc5 Rxc5 23. Rfc1 Ra5 24. Rc2 Re7 25. Qb8+ Kf7 26. Bf1 Re8 27. Qc7+ Re7 28. Bxa6 Rxc7 29. Rxc7+ Kg6 30. Rxa7 1-0

[Event "EU-ch U12 Girls 23rd"]
[Site "Budva"]
[Date "2013.09.29"]
[Round "1"]
[White "Vuller, Victoria"]
[Black "Zhemchuzhina, Elizaveta"]
[Result "0-1"]
[WhiteElo "1397"]
[BlackElo "1684"]
[PlyCount "40"]
[EventDate "2013.09.29"]
[EventType "swiss"]
[EventRounds "9"]
[EventCountry "MNE"]
[SourceTitle "EXT 2014"]
[Source "ChessBase"]
[SourceDate "2013.11.20"]
[SourceVersion "1"]
[SourceVersionDate "2013.11.20"]
[SourceQuality "1"]

1. e4 c5 2. Nc3 Nc6 3. f4 g6 4. Nf3 Bg7 5. Bc4 e6 6. f5 Nge7 7. 0-0 d5 8. exd5 exd5 9. Bb5 Bxf5 10. d3 0-0 11. Bxc6 Nxc6 12. Bf4 a6 13. a4 Nb4 14. Qd2 c4 15. dxc4 dxc4 16. Bd6 Qb6+ 17. Kh1 Rfd8 18. Nb5 axb5 19. Qxb4 Rxd6 20. Qxb5 Bxc2 0-1

[Event "St Petersburg-ch sf (Women)"]
[Site "St Petersburg"]
[Date "2013.02.02"]
[Round "8"]
[White "Zhemchuzhina, Elizaveta"]
[Black "Degoda, Evgenia"]
[Result "1/2-1/2"]
[WhiteElo "1524"]
[BlackElo "1556"]
[PlyCount "77"]
[EventDate "2013.01.26"]
[EventType "swiss"]
[EventRounds "9"]
[EventCountry "RUS"]
[SourceTitle "CBM 152 Extra"]
[Source "ChessBase"]
[SourceDate "2013.02.25"]
[SourceVersion "1"]
[SourceVersionDate "2013.02.25"]
[SourceQuality "1"]

1. d4 Nf6 2. c4 g6 3. Nc3 Bg7 4. e4 d6 5. Nf3 0-0 6. Be2 c5 7. 0-0 Nbd7 8. Be3 Qc7 9. a3 b6 10. Qd3 Ng4 11. Nd5 Qd8 12. Bg5 Ngf6 13. Nc3 Bb7 14. b4 Rc8 15. bxc5 dxc5 16. e5 Ne8 17. Rad1 cxd4 18. Qxd4 Nd6 19. Nb5 Bxf3 20. gxf3 Bxe5 21. Qd2 Nc5 22. Nxa7 Rc7 23. Nb5 Rd7 24. Qb4 Nxb5 25. Qxb5 Rxd1 26. Rxd1 Qc7 27. h4 f6 28. Bh6 Rb8 29. Be3 Bd6 30. Qb2 Bf4 31. Qd4 Bxe3 32. fxe3 Qg3+ 33. Kf1 Qh3+ 34. Kf2 Qh2+ 35. Kf1 Qh3+ 36. Kf2 Qh2+ 37. Kf1 Qh3+ 38. Kf2 Qh2+ 39. Kf1 1/2-1/2

[Event "St Petersburg-ch sf (Women)"]
[Site "St Petersburg"]
[Date "2013.01.28"]
[Round "3"]
[White "Volkova, Arina"]
[Black "Zhemchuzhina, Elizaveta"]
[Result "1/2-1/2"]
[WhiteElo "1661"]
[BlackElo "1524"]
[PlyCount "123"]
[EventDate "2013.01.26"]
[EventType "swiss"]
[EventRounds "9"]
[EventCountry "RUS"]
[SourceTitle "CBM 152 Extra"]
[Source "ChessBase"]
[SourceDate "2013.02.25"]
[SourceVersion "1"]
[SourceVersionDate "2013.02.25"]
[SourceQuality "1"]

1. e4 c5 2. Nf3 e6 3. d4 cxd4 4. Nxd4 a6 5. Be3 Qc7 6. a3 Nc6 7. Nc3 Nf6 8. f3 Be7 9. Qd2 0-0 10. g4 b5 11. g5 Ne8 12. h4 b4 13. axb4 Bxb4 14. f4 Nd6 15. Bd3 Bb7 16. Qg2 Nxd4 17. Bxd4 Nb5 18. Bxb5 axb5 19. Rxa8 Rxa8 20. 0-0 Qc4 21. Rd1 Bxc3 22. bxc3 b4 23. g6 fxg6 24. h5 bxc3 25. hxg6 h6 26. Qf3 Rf8 27. Bxc3 d5 28. Rd4 Qc5 29. Kh2 e5 30. Bb4 Qxd4 31. Bxf8 Qxe4 32. Qxe4 dxe4 33. Bd6 exf4 34. Bxf4 Kf8 35. Bd6+ Ke8 36. Kg3 Bd5 37. Kf4 Bc6 38. Be5 Kf8 39. c3 Bb7 40. Ke3 Bc6 41. Kf4 Be8 42. Kxe4 Bxg6+ 43. Kf4 Bd3 44. Kg4 Kf7 45. Bd4 g6 46. Kh4 Kg8 47. Be3 Kh7 48. Kg4 Be2+ 49. Kh4 Kg7 50. Bd4+ Kg8 51. Be3 Kh7 52. Bd2 Kg7 53. Be3 Bd3 54. Bd4+ Kh7 55. Be3 Bf5 56. Bd2 Kg7 57. Be3 h5 58. Kg5 Kf7 59. Bd4 Ke6 60. Kh4 Kd5 61. Bf6 Ke4 62. Bg5 1/2-1/2

[Event "St Petersburg-ch sf (Women)"]
[Site "St Petersburg"]
[Date "2013.01.26"]
[Round "1"]
[White "Zavgorodniaya, Alena"]
[Black "Zhemchuzhina, Elizaveta"]
[Result "1-0"]
[WhiteElo "1894"]
[BlackElo "1524"]
[PlyCount "43"]
[EventDate "2013.01.26"]
[EventType "swiss"]
[EventRounds "9"]
[EventCountry "RUS"]
[SourceTitle "CBM 152 Extra"]
[Source "ChessBase"]
[SourceDate "2013.02.25"]
[SourceVersion "1"]
[SourceVersionDate "2013.02.25"]
[SourceQuality "1"]

1. e4 c5 2. Nf3 e6 3. c4 Nc6 4. Nc3 Nf6 5. d4 cxd4 6. Nxd4 Bb4 7. Nxc6 Bxc3+ 8. bxc3 bxc6 9. Bd3 Qa5 10. Qc2 Ba6 11. 0-0 Rc8 12. Bd2 Ng4 13. c5 Bxd3 14. Qxd3 Qxc5 15. Qg3 Ne5 16. Qxg7 Ng6 17. Be3 Qa5 18. f4 a6 19. f5 Qe5 20. Qh6 exf5 21. exf5 Nh4 22. Bd4 1-0